[Event "Gatineau TORO U1900"]
[Site "Gatineau"]
[Date "2013.06.09"]
[Round "5"]
[White "Danilov, Alex"]
[Black "Germain, Benoit"]
[Result "1-0"]
[WhiteElo "1693"]
[BlackElo "1687"]
[PlyCount "59"]
[EventDate "2013.06.07"]
[EventType "swiss"]
[EventRounds "5"]
[EventCountry "CAN"]
[SourceTitle "EXT 2022"]
[Source "ChessBase"]
[SourceDate "2021.10.06"]
[SourceVersion "1"]
[SourceVersionDate "2021.10.06"]
[SourceQuality "1"]

1. c4 c6 2. Nf3 Nf6 3. g3 d5 4. b3 g6 5. Bg2 Bg7 6. Bb2 0-0 7. 0-0 h6 8. d3 g5 9. Qc2 Bf5 10. Nbd2 Nbd7 11. Nd4 Bg6 12. e4 e5 13. Nf5 Bxf5 14. exf5 d4 15. Ne4 Nxe4 16. Bxe4 Nf6 17. Qe2 Nxe4 18. Qxe4 Re8 19. Rfe1 Qb6 20. h4 Bf6 21. Qg4 Qb4 22. Rad1 Kh7 23. Qh5 Kg7 24. Kg2 a5 25. Bc1 Qe7 26. Rh1 e4 27. hxg5 Bxg5 28. Qg4 Kf8 29. Rxh6 Bxh6 30. Bxh6# 1-0

[Event "Gatineau TORO U1900"]
[Site "Gatineau"]
[Date "2013.06.08"]
[Round "3"]
[White "Germain, Benoit"]
[Black "Piche, Guy"]
[Result "1-0"]
[WhiteElo "1687"]
[BlackElo "1750"]
[PlyCount "69"]
[EventDate "2013.06.07"]
[EventType "swiss"]
[EventRounds "5"]
[EventCountry "CAN"]
[SourceTitle "EXT 2022"]
[Source "ChessBase"]
[SourceDate "2021.10.06"]
[SourceVersion "1"]
[SourceVersionDate "2021.10.06"]
[SourceQuality "1"]

1. e4 e5 2. Nf3 d6 3. d4 Nd7 4. dxe5 dxe5 5. Bc4 Be7 6. Qd5 Bb4+ 7. c3 Qe7 8. cxb4 Nb6 9. Bb5+ c6 10. Bxc6+ Kf8 11. Qxe5 bxc6 12. Qxe7+ Nxe7 13. 0-0 Bg4 14. Ne5 Be6 15. Be3 f6 16. Nf3 Rd8 17. Nc3 Kf7 18. Rfd1 h6 19. a4 Bb3 20. Rxd8 Rxd8 21. a5 Nbc8 22. Nd4 Bc4 23. b3 Ba6 24. b5 c5 25. Nde2 Bb7 26. Bxc5 Rd2 27. f3 a6 28. Kf1 axb5 29. a6 Ba8 30. Nxb5 Nc6 31. Nc7 Ne5 32. Nxa8 Rb2 33. Nb6 Nxb6 34. Bxb6 Nc6 35. a7 1-0

[Event "Montreal Pere Noel U1800"]
[Site "Montreal"]
[Date "2012.12.26"]
[Round "1.20"]
[White "Germain, Benoit"]
[Black "Lesperance, Pierre"]
[Result "1-0"]
[WhiteElo "1684"]
[BlackElo "1486"]
[PlyCount "69"]
[EventDate "2012.12.26"]
[EventType "swiss"]
[EventRounds "5"]
[EventCountry "CAN"]
[SourceTitle "EXT 2022"]
[Source "ChessBase"]
[SourceDate "2021.10.06"]
[SourceVersion "1"]
[SourceVersionDate "2021.10.06"]
[SourceQuality "1"]

1. e4 c5 2. Nf3 d6 3. d4 cxd4 4. Nxd4 Nf6 5. Nc3 a6 6. Be3 b5 7. Bd3 Bb7 8. f3 e6 9. Qd2 Be7 10. 0-0-0 0-0 11. h4 Nc6 12. g4 Rc8 13. Kb1 Nd7 14. Nce2 Nde5 15. Rdg1 Nxd4 16. Nxd4 Nc4 17. Bxc4 Rxc4 18. Nb3 Qc7 19. Na5 Ra4 20. Nxb7 Qxb7 21. b3 Ra3 22. Qb4 d5 23. Bc5 Bxc5 24. Qxc5 Ra5 25. Re1 Rc8 26. Qb4 Qc7 27. Re2 Qc3 28. Qxc3 Rxc3 29. exd5 Rxf3 30. Rd1 e5 31. Rxe5 f6 32. Re7 Rc3 33. d6 Kf8 34. d7 Kxe7 35. d8Q+ 1-0

[Event "Sherbrooke op-A"]
[Site "Sherbrooke"]
[Date "2008.05.25"]
[Round "5"]
[White "Germain, Benoit"]
[Black "Schomers, Philippe"]
[Result "0-1"]
[WhiteElo "1816"]
[BlackElo "1880"]
[PlyCount "82"]
[EventDate "2008.05.23"]
[EventType "swiss"]
[EventRounds "5"]
[EventCountry "CAN"]
[SourceTitle "EXT 2011"]
[Source "ChessBase"]
[SourceDate "2010.11.26"]
[SourceVersion "1"]
[SourceVersionDate "2010.11.26"]
[SourceQuality "1"]

1. e4 d6 2. d4 Nf6 3. Nc3 Nbd7 4. Nf3 e5 5. dxe5 dxe5 6. Bg5 Be7 7. Bxf6 Bxf6 8. Nd5 c6 9. Nxf6+ Qxf6 10. Bd3 0-0 11. Qd2 Nc5 12. 0-0-0 Bg4 13. Qe3 Ne6 14. Rdg1 Bxf3 15. gxf3 b5 16. h4 Nc5 17. Rg3 Kh8 18. Qg5 Qxg5+ 19. hxg5 Ne6 20. Bf1 f6 21. g6 h6 22. Bh3 Ng5 23. Bd7 Rad8 24. Bxc6 Ne6 25. Bxb5 Nf4 26. Rxh6+ gxh6 27. g7+ Kh7 28. gxf8Q Rxf8 29. Rg1 h5 30. b3 Rg8 31. Rh1 Rg2 32. Rf1 h4 33. Kd2 h3 34. Ke3 Kg7 35. Rh1 h2 36. Bd7 Kf7 37. c4 Ke7 38. Bf5 Kd6 39. b4 Kc6 40. a4 Rg1 41. Rxh2 Rd1 0-1

[Event "Sherbrooke op-A"]
[Site "Sherbrooke"]
[Date "2008.05.25"]
[Round "4"]
[White "Giroux, Robert"]
[Black "Germain, Benoit"]
[Result "0-1"]
[WhiteElo "1984"]
[BlackElo "1816"]
[PlyCount "60"]
[EventDate "2008.05.23"]
[EventType "swiss"]
[EventRounds "5"]
[EventCountry "CAN"]
[SourceTitle "EXT 2011"]
[Source "ChessBase"]
[SourceDate "2010.11.26"]
[SourceVersion "1"]
[SourceVersionDate "2010.11.26"]
[SourceQuality "1"]

1. e4 b6 2. d4 Bb7 3. Bd3 g6 4. f3 Bg7 5. c3 d6 6. Be3 e6 7. Qd2 h6 8. c4 Nd7 9. f4 Ngf6 10. d5 exd5 11. cxd5 Ng4 12. Nc3 Nxe3 13. Qxe3 0-0 14. Nge2 a6 15. 0-0 Qe7 16. Qf3 h5 17. Rad1 b5 18. e5 dxe5 19. d6 Qxd6 20. Qxb7 exf4 21. Qf3 Ne5 22. Qxf4 Rad8 23. Bb1 Qb6+ 24. Kh1 Rxd1 25. Rxd1 Ng4 26. Nd4 Be5 27. Qxe5 Nxe5 28. Nd5 Qd6 29. Nf3 Ng4 30. Rd2 Qc5 0-1

[Event "Sherbrooke op-A"]
[Site "Sherbrooke"]
[Date "2008.05.24"]
[Round "3"]
[White "Germain, Benoit"]
[Black "Jiang, Louie"]
[Result "0-1"]
[WhiteElo "1816"]
[BlackElo "2098"]
[PlyCount "106"]
[EventDate "2008.05.23"]
[EventType "swiss"]
[EventRounds "5"]
[EventCountry "CAN"]
[SourceTitle "EXT 2011"]
[Source "ChessBase"]
[SourceDate "2010.11.26"]
[SourceVersion "1"]
[SourceVersionDate "2010.11.26"]
[SourceQuality "1"]

1. e4 c5 2. Nc3 Nc6 3. f4 g6 4. Nf3 Bg7 5. d3 e6 6. e5 d6 7. exd6 Qxd6 8. Ne4 Qc7 9. c3 b6 10. Be3 Bb7 11. Be2 Nge7 12. g3 0-0 13. 0-0 Rad8 14. Qe1 Rd7 15. Rd1 Rfd8 16. Qf2 Nf5 17. Bc1 Ba6 18. Ne1 c4 19. d4 Ncxd4 20. cxd4 Rxd4 21. Nf3 Rxe4 22. Rxd8+ Qxd8 23. Rd1 Nd4 24. Be3 Nxe2+ 25. Qxe2 Qc8 26. Qf2 c3 27. Rc1 Rc4 28. b3 Rc7 29. Nd4 Qd8 30. Nc2 Bb7 31. h3 Rd7 32. Qe2 Qc7 33. Kh2 Qc6 34. Re1 Qe4 35. Qf2 Qf3 36. Qxf3 Bxf3 37. Kg1 Rd2 38. Rc1 Be4 39. Bxd2 cxd2 40. Rd1 Bxc2 41. Rxd2 Be4 42. Rd7 a5 43. Kf2 Bf8 44. Ke3 Bc6 45. Rc7 Bc5+ 46. Kd3 Bg2 47. Rxc5 bxc5 48. Kc4 a4 49. Kxc5 axb3 50. axb3 Bxh3 51. b4 Kf8 52. Kd6 Bf1 53. Kd7 h6 0-1

[Event "Sherbrooke op-A"]
[Site "Sherbrooke"]
[Date "2008.05.23"]
[Round "1"]
[White "Larochelle, Martial"]
[Black "Germain, Benoit"]
[Result "1/2-1/2"]
[WhiteElo "2210"]
[BlackElo "1816"]
[PlyCount "84"]
[EventDate "2008.05.23"]
[EventType "swiss"]
[EventRounds "5"]
[EventCountry "CAN"]
[SourceTitle "EXT 2011"]
[Source "ChessBase"]
[SourceDate "2010.11.26"]
[SourceVersion "1"]
[SourceVersionDate "2010.11.26"]
[SourceQuality "1"]

1. Nf3 d5 2. d4 Nf6 3. c4 c6 4. Nc3 e6 5. Bg5 h6 6. Bh4 dxc4 7. e4 g5 8. Bg3 b5 9. Be2 Bg7 10. a4 b4 11. e5 Nd5 12. Ne4 0-0 13. Bxc4 a5 14. Qc2 Nd7 15. b3 N7b6 16. h4 g4 17. Nfg5 Re8 18. Nf6+ Nxf6 19. exf6 Qxf6 20. Qh7+ Kf8 21. Bd6+ Re7 22. Ne4 Qf5 23. Bxe7+ Kxe7 24. Qxf5 exf5 25. Nd2 Bxd4 26. Rc1 Bc3 27. Ke2 Be6 28. Bxe6 fxe6 29. Rhd1 c5 30. Rc2 Bd4 31. Rdc1 Kd6 32. Nc4+ Nxc4 33. Rxc4 e5 34. Rf1 Re8 35. f3 gxf3+ 36. Rxf3 Rg8 37. Rxf5 Rxg2+ 38. Kd1 e4 39. Rc2 Rg1+ 40. Ke2 Rg2+ 41. Kd1 Rg1+ 42. Ke2 Rg2+ 1/2-1/2

[Event "Quebec-ch qual U1800"]
[Site "Montreal"]
[Date "2005.10.09"]
[Round "3"]
[White "Pregent, Daniel"]
[Black "Germain, Benoit"]
[Result "1/2-1/2"]
[WhiteElo "1730"]
[BlackElo "1708"]
[PlyCount "124"]
[EventDate "2005.10.08"]
[EventType "swiss"]
[EventRounds "3"]
[EventCountry "CAN"]
[SourceTitle "EXT 2009"]
[Source "ChessBase"]
[SourceDate "2008.11.26"]
[SourceVersion "1"]
[SourceVersionDate "2008.11.26"]
[SourceQuality "1"]

1. e4 e5 2. Nf3 Nc6 3. Bc4 Bc5 4. c3 Nf6 5. d3 d6 6. Nbd2 0-0 7. h3 h6 8. Nf1 a5 9. Ne3 Ne7 10. Qc2 Ng6 11. a3 c6 12. d4 Bb6 13. 0-0 Qe7 14. Re1 Be6 15. Nf5 Qd7 16. Bd3 Rfe8 17. Be3 Bc7 18. Rad1 d5 19. dxe5 Nxe5 20. Nxe5 Bxe5 21. f4 Bc7 22. e5 Nh5 23. g4 c5 24. Qg2 Kh8 25. Nh4 Qe7 26. Nf3 c4 27. Bb1 g6 28. Qc2 Ng7 29. Kg2 Rad8 30. Bd4 b5 31. Kg3 Kg8 32. h4 h5 33. g5 Nf5+ 34. Kg2 b4 35. axb4 axb4 36. Qf2 Nxd4 37. Nxd4 Bb6 38. f5 Bxd4 39. Rxd4 Bd7 40. fxg6 fxg6 41. Bxg6 Rf8 42. Qg3 Bg4 43. Rxg4 hxg4 44. Qxg4 bxc3 45. bxc3 Kg7 46. h5 Qc5 47. Re2 d4 48. cxd4 Rxd4 49. Qg3 Qd5+ 50. Kh2 Rf1 51. Qg2 Qxg2+ 52. Kxg2 Rdd1 53. e6 Rde1 54. Ra2 Rg1+ 55. Kf2 Rgf1+ 56. Kg2 Rg1+ 57. Kh2 Rxg5 58. Ra7+ Kf6 59. Rc7 Re2+ 60. Kh1 Re1+ 61. Kh2 Re2+ 62. Kh1 Re1+ 1/2-1/2

[Event "Sherbrooke CC-ch"]
[Site "Sherbrooke"]
[Date "2005.05.13"]
[Round "4"]
[White "Germain, Benoit"]
[Black "Grenier, Jean Pierre"]
[Result "0-1"]
[WhiteElo "1706"]
[BlackElo "1635"]
[PlyCount "96"]
[EventDate "2005.04.15"]
[EventType "swiss"]
[EventRounds "5"]
[EventCountry "CAN"]
[SourceTitle "EXT 2006"]
[Source "ChessBase"]
[SourceDate "2005.11.24"]
[SourceVersion "1"]
[SourceVersionDate "2005.11.24"]
[SourceQuality "1"]

1. e4 c5 2. Nf3 Nc6 3. d4 cxd4 4. Nxd4 e5 5. Nb5 d6 6. N1c3 a6 7. Na3 b5 8. Nd5 Be6 9. c3 Nf6 10. Bg5 Be7 11. Nxe7 Qxe7 12. Bxf6 gxf6 13. Nxb5 axb5 14. Bxb5 Qc7 15. 0-0 Ke7 16. a4 Rhg8 17. Kh1 Qb6 18. b4 Rgd8 19. Qe2 Rab8 20. f4 Na7 21. Ba6 Qc6 22. fxe5 Qxc3 23. exf6+ Ke8 24. Rac1 Qxb4 25. Rc7 Rd7 26. Rxd7 Kxd7 27. Qf2 Qb6 28. Qe2 Qd4 29. Rd1 Qxa4 30. e5 Rb6 31. Bd3 Bg4 32. Bc2 Bxe2 33. Bxa4+ Ke6 34. Re1 dxe5 35. h3 Rb4 36. Bc2 Bh5 37. Bxh7 Kxf6 38. Rf1+ Ke6 39. Bf5+ Ke7 40. Re1 f6 41. g4 Bf7 42. Rc1 Nc6 43. Kg1 Bd5 44. Rd1 Kd6 45. Kf2 Rb3 46. h4 Rf3+ 47. Kg1 Rh3 48. h5 Rh1+ 0-1

[Event "Sherbrooke Perpetuelles 7-12"]
[Site "Sherbrooke"]
[Date "2004.12.17"]
[Round "6"]
[White "Germain, Benoit"]
[Black "Lopez, Jose"]
[Result "0-1"]
[WhiteElo "1695"]
[BlackElo "1794"]
[PlyCount "138"]
[EventDate "2004.??.??"]
[EventType "swiss"]
[EventRounds "6"]
[EventCountry "CAN"]
[SourceTitle "EXT 2006"]
[Source "ChessBase"]
[SourceDate "2005.11.24"]
[SourceVersion "1"]
[SourceVersionDate "2005.11.24"]
[SourceQuality "1"]

1. d4 d5 2. c4 c6 3. Nf3 Nf6 4. Nc3 e6 5. e3 Nbd7 6. Bd3 dxc4 7. Bxc4 b5 8. Bd3 a6 9. 0-0 Bb7 10. a4 b4 11. Ne2 c5 12. Ng3 Be7 13. b3 cxd4 14. exd4 Nb6 15. Bb2 Nbd5 16. Qd2 0-0 17. Rac1 Qa5 18. Ne5 Rac8 19. f4 Rxc1 20. Rxc1 Rc8 21. Rf1 Nc3 22. Nc4 Qd5 23. Kh1 Rd8 24. Ne5 Qxd4 25. Ne2 Qd5 26. Nxc3 bxc3 27. Bxc3 Ne4 28. Bxe4 Qxe4 29. Qf2 Rc8 30. Re1 Qd5 31. Nc4 Bh4 32. Qe2 Bxe1 33. Bxe1 Rd8 34. Nd2 Qd3 35. Qxd3 Rxd3 36. Kg1 Bd5 37. b4 Ra3 38. a5 Kf8 39. Kf2 Ke7 40. Ke2 Bxg2 41. Nc4 Ra2+ 42. Ke3 Bf1 43. Nd2 Bb5 44. Kd4 Ra1 45. Bf2 Rd1 46. Be3 Rh1 47. Ne4 Kd7 48. Ke5 Re1 49. Kd4 f6 50. Nc5+ Kd6 51. Nb7+ Kc6 52. Nc5 Re2 53. Nxe6 Rxh2 54. Nxg7 Rb2 55. Kc3 Rg2 56. Nf5 h5 57. Nd4+ Kb7 58. Nf5 Rh2 59. Bd4 Bd7 60. Nd6+ Kc6 61. Ne4 f5 62. Ng5 h4 63. Nf3 Rh1 64. Ne5+ Kc7 65. Bb6+ Kc8 66. Kd4 h3 67. Nf3 Rf1 68. Ke3 Rb1 69. Bc5 Rb2 0-1

[Event "Sherbrooke Perpetuelles 7-12"]
[Site "Sherbrooke"]
[Date "2004.12.10"]
[Round "5"]
[White "Mercier, Andre"]
[Black "Germain, Benoit"]
[Result "0-1"]
[WhiteElo "1780"]
[BlackElo "1695"]
[PlyCount "99"]
[EventDate "2004.??.??"]
[EventType "swiss"]
[EventRounds "6"]
[EventCountry "CAN"]
[SourceTitle "EXT 2006"]
[Source "ChessBase"]
[SourceDate "2005.11.24"]
[SourceVersion "1"]
[SourceVersionDate "2005.11.24"]
[SourceQuality "1"]

1. d4 d5 2. Nf3 Nf6 3. c4 c6 4. cxd5 cxd5 5. Nc3 Nc6 6. Bg5 e6 7. e3 Be7 8. Rc1 0-0 9. Bd3 Bd7 10. Bb1 h6 11. Bh4 a6 12. 0-0 b5 13. Ne5 Nxe5 14. dxe5 Nh7 15. Qd3 g6 16. Bxe7 Qxe7 17. Ne2 Rfc8 18. Nf4 Qg5 19. b4 Qxe5 20. Nxg6 fxg6 21. Qxg6+ Qg7 22. Qh5 Nf6 23. Qe2 e5 24. f4 e4 25. a3 Kh8 26. Ba2 Bh3 27. Kh1 Bg4 28. Qd2 Qd7 29. h3 Bxh3 30. gxh3 Qxh3+ 31. Qh2 Qxh2+ 32. Kxh2 Ng4+ 33. Kg3 Nxe3 34. Rh1 Kg7 35. Kf2 Rxc1 36. Rxc1 d4 37. Rc7+ Kg6 38. Bb1 Rd8 39. Rc6+ Kf5 40. Rxa6 Nd1+ 41. Ke1 Nc3 42. Bc2 d3 43. Bb3 Kxf4 44. Rxh6 Ke3 45. Rh3+ Kd4 46. a4 bxa4 47. Bf7 a3 48. b5 a2 49. Bxa2 Nxa2 50. Rh7 0-1

[Event "Sherbrooke Perpetuelles 1-6"]
[Site "Sherbrooke"]
[Date "2004.09.24"]
[Round "3"]
[White "Germain, Benoit"]
[Black "Vincent, Pascal"]
[Result "1-0"]
[WhiteElo "1539"]
[BlackElo "1316"]
[PlyCount "49"]
[EventDate "2004.??.??"]
[EventType "swiss"]
[EventRounds "6"]
[EventCountry "CAN"]
[SourceTitle "EXT 2006"]
[Source "ChessBase"]
[SourceDate "2005.11.24"]
[SourceVersion "1"]
[SourceVersionDate "2005.11.24"]
[SourceQuality "1"]

1. e4 e5 2. Nf3 Nc6 3. Nc3 Nf6 4. Bc4 Bc5 5. d3 0-0 6. Bg5 d6 7. Nd5 Be6 8. Nxf6+ gxf6 9. Bh6 Re8 10. Nh4 Ne7 11. Bxe6 fxe6 12. Qg4+ Ng6 13. Nxg6 Kf7 14. Nh8+ Rxh8 15. Qg7+ Ke8 16. Qxh8+ Kd7 17. Qxd8+ Rxd8 18. 0-0 f5 19. exf5 exf5 20. Be3 Ke6 21. Bxc5 dxc5 22. Rae1 f4 23. Re4 Rg8 24. Rfe1 Rg5 25. Rxf4 1-0

[Event "Sherbrooke Perpetuelles 1-6"]
[Site "Sherbrooke"]
[Date "2004.09.17"]
[Round "2"]
[White "Saziouk, Alexandre"]
[Black "Germain, Benoit"]
[Result "0-1"]
[WhiteElo "1749"]
[BlackElo "1539"]
[PlyCount "70"]
[EventDate "2004.??.??"]
[EventType "swiss"]
[EventRounds "6"]
[EventCountry "CAN"]
[SourceTitle "EXT 2006"]
[Source "ChessBase"]
[SourceDate "2005.11.24"]
[SourceVersion "1"]
[SourceVersionDate "2005.11.24"]
[SourceQuality "1"]

1. d4 d5 2. c4 e6 3. Nf3 Nf6 4. Nc3 c5 5. Bg5 cxd4 6. Nxd4 Bb4 7. e3 Qa5 8. Bxf6 Bxc3+ 9. Ke2 gxf6 10. bxc3 dxc4 11. Qd2 e5 12. Nc2 Nc6 13. f3 Be6 14. Kf2 Rd8 15. Qe1 Qc5 16. Be2 f5 17. Qc1 f4 18. Rd1 Rxd1 19. Bxd1 0-0 20. Kf1 fxe3 21. Nxe3 f5 22. Bc2 e4 23. f4 b5 24. a3 a5 25. Qe1 b4 26. axb4 axb4 27. Ba4 Ne7 28. cxb4 Qd6 29. g3 Rb8 30. Rb1 Qd3+ 31. Kg2 Nd5 32. Nxd5 Bxd5 33. Kh3 Rb6 34. Kg2 Qf3+ 35. Kg1 e3 0-1

[Event "Sherbrooke Perpetuelles Ete"]
[Site "Sherbrooke"]
[Date "2004.08.13"]
[Round "5"]
[White "Grenier, Jean Pierre"]
[Black "Germain, Benoit"]
[Result "0-1"]
[WhiteElo "1574"]
[BlackElo "1459"]
[PlyCount "132"]
[EventDate "2004.??.??"]
[EventType "swiss"]
[EventRounds "7"]
[EventCountry "CAN"]
[SourceTitle "EXT 2006"]
[Source "ChessBase"]
[SourceDate "2005.11.24"]
[SourceVersion "1"]
[SourceVersionDate "2005.11.24"]
[SourceQuality "1"]

1. d4 d5 2. Nf3 e6 3. e3 Nf6 4. Bd3 c5 5. dxc5 Bxc5 6. 0-0 Nc6 7. a3 a5 8. b3 0-0 9. Bb2 Qe7 10. Ne5 Rd8 11. Qf3 Bd6 12. Ng4 Nxg4 13. Qxg4 e5 14. Bf5 f6 15. Nc3 Bc5 16. Nxd5 Rxd5 17. Bxc8 Rd2 18. Bf5 Rad8 19. Bc1 R2d6 20. Qc4+ Rd5 21. Be4 Qf7 22. Bxd5 Qxd5 23. Qxd5+ Rxd5 24. b4 axb4 25. axb4 Nxb4 26. Ra8+ Kf7 27. c4 Rd7 28. Ba3 b6 29. g4 Kg6 30. Rb1 Nd3 31. Rd1 e4 32. Bxc5 bxc5 33. Ra3 Rb7 34. f3 Rb2 35. Ra5 Ne5 36. Rf1 Nxf3+ 37. Rxf3 exf3 38. Rxc5 Rg2+ 39. Kf1 Rxh2 40. Rf5 Rc2 41. c5 Rc4 42. Kf2 Rxg4 43. Rd5 Rc4 44. Kxf3 h5 45. Kg3 Kh6 46. Rf5 Rg4+ 47. Kf3 Kg6 48. e4 Rg1 49. Ke3 h4 50. Kd4 h3 51. Rf2 Rg2 52. Rf1 h2 53. Rh1 Kf7 54. Kd5 Ke7 55. Kc6 Rc2 56. Kb6 Rb2+ 57. Kc7 g5 58. c6 g4 59. e5 f5 60. Kc8 g3 61. e6 Kxe6 62. Re1+ Kf6 63. Rc1 g2 64. c7 h1Q 65. Rc6+ Ke7 66. Rh6 Rc2 0-1

[Event "Sherbrooke Perpetuelles 46-51"]
[Site "Sherbrooke"]
[Date "2004.06.25"]
[Round "6"]
[White "Germain, Benoit"]
[Black "Simoneau, Georges"]
[Result "1-0"]
[WhiteElo "1348"]
[BlackElo "1522"]
[PlyCount "63"]
[EventDate "2004.??.??"]
[EventType "swiss"]
[EventRounds "6"]
[EventCountry "CAN"]
[SourceTitle "EXT 2006"]
[Source "ChessBase"]
[SourceDate "2005.11.24"]
[SourceVersion "1"]
[SourceVersionDate "2005.11.24"]
[SourceQuality "1"]

1. e4 d6 2. d4 g6 3. Nf3 Bg7 4. Nc3 c6 5. Bc4 Nf6 6. a4 0-0 7. 0-0 Bg4 8. h3 Bd7 9. e5 Ne8 10. Re1 d5 11. Bd3 Nc7 12. Ne2 f6 13. exf6 exf6 14. Nf4 Be8 15. c3 Bf7 16. Qc2 Nd7 17. Nxg6 Bxg6 18. Bxg6 hxg6 19. Qxg6 Rf7 20. Nh4 Nf8 21. Qg3 Nce6 22. Nf5 Rd7 23. Bh6 Kh8 24. Qh4 Bxh6 25. Nxh6 Kg7 26. Nf5+ Kg8 27. Re3 Rh7 28. Qg4+ Kf7 29. Rg3 Ke8 30. Re1 Kd7 31. Qg8 Rc8 32. Rxe6 1-0